000 00430nam a2200169Ia 4500
001 10255
005 20260306161818.0
008 260306t9999||||xx |||||||||||||| ||spa||
041 _aESP
082 _a910
_bB24
100 _aBarone, Luis Roberto (Direc.Coord. )
_eAUT
245 0 _aGeografia universal:
_bAmérica
300 _a240 páginas : T. 2
_c31 cm. il.
650 _aGEN
654 _aCHU
942 _cLIB
_dJUS
_fJUS
_2ddc
_n
999 _c10255
_d10255